000 00586nam a2200205Ia 4500
008 220216s9999 xx 000 0 und d
100 _aMuslumova S
245 0 _aHighly stretchable and rapid self-recoverable cryogels based on butyl rubber as reusable sorbent
260 _bGels
_c2019
500 _aSource Year: 2019
650 _aButyl rubber
650 _aCryogels
650 _aMacroporous rubber gels
650 _aMechanical properties
650 _aOrganogels
700 _aOkay O
700 _aYetiskin B
856 _uhttps://doi:10.3390/gels5010001
942 _cJS
999 _c60431
_d60431